000 nam a22 7a 4500
999 _c28631
_d28630
003 OSt
005 20170525225335.0
008 170525b xxu||||| |||| 00| 0 eng d
020 _a0716763613
040 _aMMU
_beng
_cMMU
_dMMU
050 _aQA276.12 .E93 2005
100 _aEvans, MIchael J
245 _aIntroduction to the practice of statistics /
_cMichael J Evans
250 _a5th ed.
260 _aNew York :
_bW.H. Freeman & Company,
_c2005
300 _a248 p.:
_bill.;
500 _aIncludes index.
650 _aStatistics
_9460
942 _2lcc
_cLOAN LOAN